Agricultural engineering in development : the organization and management of replacement parts for agricultural machinery

Bibliographic Details
Main Author: LIMBREY
Corporate Author: Food and Agriculture Organization of the United Nations (FAO)
Other Authors: Dembner
Format: Book
Published: Rome : Food and Agriculture Organization of the United Nations , 1988
Series:FAO agricultural services bulletin; 72/1
Subjects:

MARC

LEADER 00000cam a2200000 7i4500
001 0000002330
005 20030529.0
020 0 0 |a 9251026998 
090 0 0 |a FAO338.14   |b LIM 1988 
100 1 0 |a LIMBREY   |h Roger 
245 1 0 |a Agricultural engineering in development :   |b the organization and management of replacement parts for agricultural machinery   |c compiled and written by Roger Limbrey ; edited and prepared for publication by Stephen Dembner 
260 0 0 |a Rome :   |b Food and Agriculture Organization of the United Nations ,   |c 1988 
300 |a v. :   |b ill. ;   |c 22 cm. 
440 0 0 |a FAO agricultural services bulletin; 72/1 
650 0 0 |a Agricultural machinery   |x Replacement   |x Management 
700 0 1 |a Dembner   |h Steve 
710 1 1 |a Food and Agriculture Organization of the United Nations (FAO) 
998 |a JPSM 
999 |a 0000004223   |b Monograph   |c Open Shelf   |e Default branch 
999 |a 0000004224   |b Monograph   |c Open Shelf   |e Default branch